000 01145naa a2200313 c 4500
001 48795
999 _c48795
_d48795
003 ES-MaCES
005 20170126141722.0
008 170126s2016 uk ||||| t||||||| ||eng d
040 _aES-MaCES
_bspa
_cES-MaCES
_dES-MaCES
100 1 _937727
_aSchmitt, Carina
245 1 4 _aThe political economy of early exit
_b: the politics of cost-shifting
_cCarina Schmitt, Peter Starke
500 _aResumen
504 _aBibliografía: p. 406-407
650 4 _927025
_apolítica económica
650 4 _929152
_ajubilación anticipada
650 4 _929257
_ajubilado
650 4 _929550
_avida activa
650 4 _930465
_apago de prestaciones
650 4 _927041
_aprestaciones de vejez
650 4 _928076
_agasto público
650 4 _927034
_aseguridad social
650 4 _929347
_aestadísticas del trabajo
653 1 0 _aSeguridad Social
700 1 _937728
_aStarke, Peter
773 0 _985635
_dLondon [etc.] Sage
_o088533
_tEuropean journal of industrial relations
_w(ES-MaCES)25885
_gvol. 22, no 4 (Dec. 2016) {55/920 R. 088533} ;p. 391-407
902 _aART Artículo de revista
942 _2CES
_cAR
_h3.0.